| 000 | | | 03769nmc2a22000003x 450 |
| 001 | | | 17ec9e9c-b347-4af4-a947-df01d3c562a3 |
| 005 | | | 20191001161633.0 |
| 100 | ## | $a | 20180314l18741874k l0rusy0189 ca |
| 101 | 0# | $a | rus |
| 102 | ## | $a | RU |
| 200 | 1# | $a | Дело по сношению с разными местами и лицами |
| | $j | 9 января - 18 декабря 1874 г. |
| | $h | Часть 2 |
| 251 | ## | $c | Дело |
| 300 | ## | $a | По бухгалтерии за 1874 год |
| 300 | ## | $a | На бланке обложки указано: "Дело Конторы императорских театров" |
| 801 | #0 | $a | RU |
| | $b | РГИА |
| | $c | 20180314 |
| | $g | RCR |
| 801 | #1 | $a | RU |
| | $b | ГлавНИВЦ |
| | $c | 20180314 |
| | $2 | rusmarc |
| 801 | #2 | $a | RU |
| | $b | ПБ им. Б.Н. Ельцина |
| | $c | 20191001 |
| | $g | RCR |
| | $2 | rusmarc |
| 850 | ## | $a | РГИА |
| 852 | ## | $a | РГИА |
| | $e | Федеральное казенное учреждение "Российский государственный исторический архив" (РГИА) |
| | $j | 23567 |
| 937 | ## | $h | РГИА |
| | $d | 12259143 |
| | $a | ASBIBLIO_SCAN |
| 462 | #0 | $1 | 001e40fcb0b-ae70-479b-99ff-446a4d3065c4 |
| | $1 | 2001 |
| | $a | 1850-1884 гг. |
| | $1 | 251 |
| | $c | Опись |
| | $1 | 852 |
| | $j | 2 |
| 461 | #0 | $1 | 0019264ebf8-de62-4f1a-9eb4-9f22098dbbd5 |
| | $1 | 2001 |
| | $a | Дирекция императорских театров МИДв |
| | $1 | 251 |
| | $c | Фонд |
| | $1 | 852 |
| | $j | 497 |
| 215 | ## | $a | 79 л. |
| | $d | 36,5х26 см |
| 371 | ## | $a | Документ не является опубликованным и широко распространяемым |
| 105 | ## | $a | y### |
| 122 | 2# | $a | d |
| 035 | ## | $a | 17ec9e9c-b347-4af4-a947-df01d3c562a3 |
| 856 | ## | $u | http://readingroom.main.prlib.ru/item.aspx?id_node=n132578911&mode=full |